| 000 | 00560nam a22001817a 4500 | ||
|---|---|---|---|
| 003 | CEME | ||
| 005 | 20210628205019.0 | ||
| 008 | 210203b xxu||||| |||| 00| 0 eng d | ||
| 020 | _a1-86064-901-7 | ||
| 040 | _c. | ||
| 082 | _a320.06 BEN | ||
| 100 |
_aBenthall, Jonathan, Bellion-Jourdan, Jerome _973395 |
||
| 245 | _aThe Charitable Crescent, Politics Of Aid In The Muslim World | ||
| 260 |
_aNEW YORK _bI.B TAURIS PUBLISHER _c2003 |
||
| 300 | _a190P | ||
| 650 |
_aTHE CHARITABLE CRESCENT AND POLITICS OF AID IN THE MUSLIM WORLD _973396 |
||
| 942 |
_cBK _2ddc |
||
| 999 |
_c579149 _d579149 |
||